| 000 | 01000nac a22003017a 4500 | ||
|---|---|---|---|
| 001 | BR0301172 | ||
| 003 | BR-BrBNA | ||
| 005 | 20240105122750.0 | ||
| 008 | 230509b bl.|||m| |||| 00| 0 por d | ||
| 040 |
_aBR-BrBNA _bpor _cBiblioteca Nacional de Agricultura |
||
| 072 | _aD10; Q70 | ||
| 090 | _aD10 BR0301172 | ||
| 110 | 1 |
_aInstituto de Pesquisas Tecnológicas, São Paulo, SP (Brasil) _96224 |
|
| 245 | 1 | _aLixo municipal: manual de gerenciamento integrado | |
| 260 | 3 |
_aSão Paulo, SP (Brasil): _bIPT/CEMPRE, _c1995. |
|
| 300 | _a278 p. | ||
| 490 |
_aPublicação - Instituto de Pesquisas Tecnológicas (Brazil) _vno. 2163 _xISSN |
||
| 500 | _aSeveral bibliography; 98 illus.; 17 graph.; 13 tables | ||
| 650 | _aLEGISLAÇÃO | ||
| 650 | _aRESÍDUO INDUSTRIAL | ||
| 650 | _aEMBALAGEM | ||
| 650 | _aRECICLAGEM | ||
| 650 | _aCOMPOSTAGEM | ||
| 650 | _aRESÍDUO ORGÂNICO | ||
| 650 | _aTRATAMENTO DE ESGOTO | ||
| 909 |
_a202312 _bLúcia Elande _c55 _dLúcia Elande |
||
| 942 |
_2AGRIS _n0 _cMS |
||
| 999 |
_c292720 _d292720 |
||